Quédate, Dios / (Record no. 50638)

MARC details
000 -LEADER
campo de control de longitud fija 00564nam a2200193 i 4500
001 - NÚMERO DE CONTROL
campo de control 50638
003 - IDENTIFICADOR DE NÚMERO DE CONTROL
campo de control ES-MaACL
005 - FECHA Y HORA DE LA ÚLTIMA TRANSACCIÓN
campo de control 20230906162219.0
007 - CAMPO FIJO DE DESCRIPCIÓN FÍSICA--INFORMACIÓN GENERAL
campo de control de longitud fija t|
008 - DATOS DE LONGITUD FIJA--INFORMACIÓN GENERAL
campo de control de longitud fija 030805s1972 sp ||||1| spa d
100 1# - ENTRADA PRINCIPAL--NOMBRE DE PERSONA
Nombre de persona Chagneau, Francois.
9 (RLIN) 37786
245 10 - MENCIÓN DEL TÍTULO
Título Quédate, Dios /
Mención de responsabilidad, etc. Francois Chagneau ; [tradujo Joaquín G. Carrasco].
260 ## - PUBLICACIÓN, DISTRIBUCIÓN, ETC.
Lugar de publicación, distribución, etc. Madrid :
Nombre del editor, distribuidor, etc. Sígueme,
Fecha de publicación, distribución, etc. 1972.
490 1# - MENCIÓN DE SERIE
Mención de serie Temas vivos ;
Designación de volumen o secuencia 18
700 1# - ENTRADA AGREGADA--NOMBRE PERSONAL
Nombre de persona Carrasco, Joaquín G.
9 (RLIN) 35529
830 0# - PUNTO DE ACCESO ADICIONAL DE SERIE-TÍTULO UNIFORME
Título uniforme Temas vivos ;
Designación de volumen o secuencia 18
9 (RLIN) 181137
852 ## - LOCALIZACIÓN
Ubicación ES-MaACL
Número de control de estantería C-50151
Sublocalización o colección R.83014
Holdings
Estatus retirado Estado de pérdida Estado de daño No para préstamo Biblioteca de origen Biblioteca actual Ubicación en estantería Fecha de adquisición Fuente de adquisición Total de préstamos Signatura topográfica completa Código de barras Visto por última vez Precio de reemplazo Tipo de ítem Koha
        Biblioteca del Ateneo de Madrid Biblioteca del Ateneo de Madrid Depósito 2 17/01/2008     C-50151 1053260 23/02/2023 23/02/2023 Libro impreso